Fast Food Chain to U.S State - Map Quiz - Statistics

General Stats
  • This quiz has been taken 82 times
  • The average score is 4 of 15
Answers on the Map
Answers color-coded by a green-red scale on the quiz's map according to % correct below.
 
Answer Stats
Answer % Correct
Whataburger
58%
Popeyes
53%
Dunkin' Donuts
44%
Chick-fil-a
42%
McDonald's
38%
Chipotle
31%
Shake Shack
29%
Domino's
24%
Five Guys
22%
Burger King
18%
Subway
18%
Wendy's
18%
Sonic Drive-In
16%
Dairy Queen
13%
White Castle
13%
No matching quizzes found
Score Distribution
Percent of People with Each Score
Percentile by Number Answered
Your Score History
You have not taken this quiz